| 000 | 01309nam a2200325 a 4500 | ||
|---|---|---|---|
| 999 |
_c330970 _d330970 |
||
| 001 | 2120043 | ||
| 003 | NUST | ||
| 005 | 20180117090029.0 | ||
| 008 | 961121s1996 enk b 001 0 eng | ||
| 010 | _a 96222579 | ||
| 020 | _a1853464422 | ||
| 040 |
_aDLC _cDLC |
||
| 043 | _ae-uk--- | ||
| 050 | 0 | 0 |
_aHD6276.G7 _bH63 1996 |
| 082 | _a370.1130941 | ||
| 100 | 1 |
_aHodkinson, Phil. _94233 |
|
| 245 | 1 | 0 |
_aTriumphs and tears : _byoung people, markets and the transition from school to work / _cPhil Hodkinson, Andrew C. Sparkes, and Heather Hodkinson. |
| 260 |
_aLondon : _bD. Fulton Publishers, _c1996. |
||
| 300 |
_a172 p. ; _c23 cm. |
||
| 440 | 4 |
_aThe Manchester Metropolitan University education series _94234 |
|
| 504 | _aIncludes bibliographical references (p. 163-169) and index. | ||
| 650 | 0 |
_aYouth _xEmployment _zGreat Britain. _94235 |
|
| 650 | 0 |
_aSchool-to-work transition _zGreat Britain. _94236 |
|
| 700 | 1 |
_aSparkes, A. _q(Andrew) _94237 |
|
| 700 | 1 |
_aHodkinson, Heather. _94238 |
|
| 906 |
_a7 _bcbc _corignew _d2 _encip _f19 _gy-gencatlg |
||
| 942 |
_2ddc _cBK |
||